Školy a INDOOR
Za akých okolností patrí reklama do priestorov škôl. Školy, ktoré sú pre zadávateľov reklamy najvychytenejšie. Spoločnosti, ktoré sa orientujú na prenájom reklamných panelov v priestoroch škôl. Formy spolupráce indoorových spoločností a škôl. Benefity, ktoré so sebou reklama umiestnená do škôl priná...
Saved in:
| Main Author: | |
|---|---|
| Format: | Book Chapter |
| Language: | Slovak |
| Subjects: | |
| Tags: |
No Tags, Be the first to tag this record!
|
MARC
| LEADER | 00000naa$a2200000$$$4500 | ||
|---|---|---|---|
| 001 | 0052832 | ||
| 005 | 20231127111641.4 | ||
| 041 | 0 | |a slo | |
| 044 | |a SK | ||
| 245 | 1 | 0 | |a Školy a INDOOR |c Nataša Navrátilová |
| 520 | |a Za akých okolností patrí reklama do priestorov škôl. Školy, ktoré sú pre zadávateľov reklamy najvychytenejšie. Spoločnosti, ktoré sa orientujú na prenájom reklamných panelov v priestoroch škôl. Formy spolupráce indoorových spoločností a škôl. Benefity, ktoré so sebou reklama umiestnená do škôl prináša. | ||
| 610 | 2 | 0 | |a reklama |
| 610 | 2 | 0 | |a školstvo |
| 610 | 2 | 0 | |a agentúry |
| 610 | 2 | 0 | |a Slovensko |
| 100 | 1 | |a Navrátilová, Nataša | |